[Event "Borisoglebsk Bocharov Memorial"]
[Site "Borisoglebsk"]
[Date "2014.03.15"]
[Round "6"]
[White "Titov, Oleg"]
[Black "Orekhov, Boris"]
[Result "0-1"]
[WhiteElo "1662"]
[BlackElo "1847"]
[PlyCount "64"]
[EventDate "2014.03.13"]
[EventType "swiss"]
[EventRounds "9"]
[EventCountry "RUS"]
[SourceTitle "CBM 159 Extra"]
[Source "ChessBase"]
[SourceDate "2014.04.24"]
[SourceVersion "1"]
[SourceVersionDate "2014.04.24"]
[SourceQuality "1"]

1. d4 d5 2. c4 Nf6 3. Nc3 c6 4. Nf3 Nbd7 5. e3 e6 6. a3 a5 7. Bd3 dxc4 8. Bxc4 b5 9. Bd3 Bd6 10. 0-0 Qc7 11. e4 Bf4 12. Bd2 0-0 13. d5 Nc5 14. Qc2 Bxd2 15. Nxd2 exd5 16. exd5 Nxd3 17. Qxd3 Re8 18. Qf3 Bg4 19. Qg3 Qxg3 20. hxg3 Rad8 21. Rfe1 Rxe1+ 22. Rxe1 b4 23. axb4 axb4 24. Nce4 Rxd5 25. Nxf6+ gxf6 26. Ne4 Kg7 27. f3 Be6 28. g4 f5 29. gxf5 Bxf5 30. Kf2 Bxe4 31. Rxe4 Rd2+ 32. Ke3 Rxb2 0-1

[Event "Borisoglebsk Bocharov Memorial"]
[Site "Borisoglebsk"]
[Date "2014.03.14"]
[Round "3"]
[White "Titov, Oleg"]
[Black "Mescheryakov, Alexey"]
[Result "0-1"]
[WhiteElo "1662"]
[BlackElo "1836"]
[PlyCount "52"]
[EventDate "2014.03.13"]
[EventType "swiss"]
[EventRounds "9"]
[EventCountry "RUS"]
[SourceTitle "CBM 159 Extra"]
[Source "ChessBase"]
[SourceDate "2014.04.24"]
[SourceVersion "1"]
[SourceVersionDate "2014.04.24"]
[SourceQuality "1"]

1. c4 e5 2. g3 Nf6 3. Bg2 Nc6 4. Nc3 d6 5. d3 h6 6. e3 Be7 7. Nge2 Bg4 8. Qb3 Rb8 9. 0-0 0-0 10. h3 Bh5 11. a3 Nd7 12. Qc2 Re8 13. b4 Qc8 14. b5 Nd8 15. a4 Ne6 16. Nd5 Bf8 17. Bb2 c6 18. Ndc3 Bg6 19. Qd2 Ndc5 20. Rad1 Bxd3 21. Ba3 Bxc4 22. Bxc5 Nxc5 23. Ne4 Nxe4 24. Bxe4 cxb5 25. Rc1 Qxh3 26. axb5 Rbc8 0-1

[Event "Borisoglebsk Bocharov Memorial"]
[Site "Borisoglebsk"]
[Date "2014.03.13"]
[Round "2"]
[White "Ivanov, Maxim S"]
[Black "Titov, Oleg"]
[Result "1-0"]
[WhiteElo "1816"]
[BlackElo "1662"]
[PlyCount "65"]
[EventDate "2014.03.13"]
[EventType "swiss"]
[EventRounds "9"]
[EventCountry "RUS"]
[SourceTitle "CBM 159 Extra"]
[Source "ChessBase"]
[SourceDate "2014.04.24"]
[SourceVersion "1"]
[SourceVersionDate "2014.04.24"]
[SourceQuality "1"]

1. d4 Nf6 2. c4 e6 3. Nc3 h6 4. Nf3 d5 5. Bf4 c6 6. e3 Bd6 7. Bg3 Bxg3 8. hxg3 Nbd7 9. Bd3 Qa5 10. 0-0 0-0 11. Re1 Re8 12. Qc2 e5 13. dxe5 Nxe5 14. Nxe5 Rxe5 15. cxd5 Nxd5 16. Rad1 Bd7 17. a3 Rc8 18. Qb3 b5 19. Be2 Be6 20. Qxb5 Qxb5 21. Nxb5 a5 22. Nd4 Bg4 23. Bxg4 Nf6 24. Kf1 Nxg4 25. b4 axb4 26. axb4 Nf6 27. b5 Ree8 28. Rc1 Rb8 29. Rxc6 Ne4 30. Ra1 Nd6 31. Rc5 Re5 32. Nc6 Rxb5 33. Rxb5 1-0

[Event "Borisoglebsk Bocharov Memorial"]
[Site "Borisoglebsk"]
[Date "2012.03.29"]
[Round "1"]
[White "Vechkanov, Valery"]
[Black "Titov, Oleg"]
[Result "1/2-1/2"]
[WhiteElo "1908"]
[BlackElo "1810"]
[PlyCount "98"]
[EventDate "2012.03.29"]
[EventType "swiss"]
[EventRounds "9"]
[EventCountry "RUS"]
[SourceTitle "EXT 2013"]
[Source "ChessBase"]
[SourceDate "2012.11.22"]
[SourceVersion "1"]
[SourceVersionDate "2012.11.22"]
[SourceQuality "1"]

1. d4 Nf6 2. c4 e6 3. Nc3 b6 4. Nf3 Bb7 5. Bg5 Be7 6. e3 d5 7. Bxf6 Bxf6 8. cxd5 exd5 9. Rc1 0-0 10. Bd3 Nd7 11. Qb3 c6 12. 0-0 g6 13. Ne2 Bg7 14. Bb1 c5 15. dxc5 Nxc5 16. Qa3 Ne6 17. Rfd1 Qf6 18. Ned4 a6 19. Qb4 Nxd4 20. Nxd4 Rfc8 21. a3 Bf8 22. Qd2 Bd6 23. g3 Re8 24. Ba2 Re5 25. Rc2 Rc8 26. Rdc1 Rxc2 27. Rxc2 Re4 28. b4 h5 29. Ne2 d4 30. exd4 Qf3 31. d5 h4 32. Qc3 Qf5 33. f3 Re8 34. Nd4 Qg5 35. Qd2 Qf6 36. f4 hxg3 37. hxg3 Re4 38. Ne2 Qe7 39. Kf2 Qf6 40. Rc4 Rxc4 41. Bxc4 Qf5 42. Nd4 Qh5 43. Qe3 Bxd5 44. Bxd5 Qxd5 45. Ne2 a5 46. Qxb6 axb4 47. axb4 Qd3 48. Qd4 Qxd4+ 49. Nxd4 Bxb4 1/2-1/2